000 00636nam a2200229Ia 4500
003 OSt
005 20250820144044.0
008 210210b1976 xxu||||| |||| 00| 0 eng d
040 _cAL
041 _aKannada
082 _a809.88914 NAYK
100 _aNAYAKA (Ha Ma) Ed.
_9236661
245 _aKannada Writers and their work 6: Masti Venkaktesha Ayyangar
260 _aMysore
_bInstitute of Kannada Studies, University of Mysore.,
_c1976
300 _a76
650 _aVenkaktesha
_9236662
650 _aMasti
_9236663
650 _aAyyangar
_9236664
690 _aKannada Criticism
_9236665
906 _a032796
942 _2ddc
_cBK
999 _c83903
_d83903